|
|
|
|
| LEADER |
01082nam a2200277 a 4500 |
| 001 |
11921902 |
| 008 |
090616s2001 maua 001 0 eng d |
| 010 |
|
|
|a \\\00027295
|
| 020 |
|
|
|a 0072316373 (alk. paper)
|
| 040 |
|
|
|a DLC
|c DLC
|d DLC
|
| 082 |
0 |
0 |
|a 657
|2 21
|
| 245 |
0 |
0 |
|a Financial accounting /
|c Robert F. Meigs ... [et al.].
|
| 250 |
|
|
|a 10th ed.
|
| 260 |
|
|
|a Boston :
|b Irwin/McGraw Hill,
|c c2001.
|
| 300 |
|
|
|a xxiv, 712 p. :
|b ill. ;
|c 29 cm.
|
| 504 |
|
|
|a Includes indexes.
|
| 541 |
1 |
|
|e 00011579
|
| 650 |
|
0 |
|a Accounting.
|
| 700 |
1 |
|
|a Meigs, Robert F.
|
| 700 |
1 |
|
|a Williams, Jan R..
|
| 700 |
1 |
|
|a Haka, Susan F.
|
| 700 |
1 |
|
|a Bettner, Mark S.
|
| 852 |
4 |
|
|a Ayesha Abed Library
|j General shelf
|
| 999 |
|
|
|c 1369
|d 1369
|
| 952 |
|
|
|0 0
|1 0
|2 ddc
|4 0
|6 657_FIN
|7 0
|9 1250
|a BRACUL
|b BRACUL
|c GEN
|d 2009-06-25
|g 0.00
|l 4
|m 31
|o 657 FIN
|p 3010011579
|r 2025-05-20
|s 2025-05-05
|t 1
|w 2009-06-25
|y BK
|x No price found in the accession register.
|
| 952 |
|
|
|0 0
|1 0
|2 ddc
|4 0
|6 657_000000000000000_FIN
|7 0
|9 17955
|a BRACUL
|b BRACUL
|c GEN
|d 2011-09-06
|l 2
|m 11
|o 657 FIN
|p 3010011695
|r 2019-04-16
|s 2019-01-29
|t 2
|w 2011-09-06
|y BK
|